MODERN HINDU LAW (Record no. 10613)

MARC details
000 -LEADER
fixed length control field 00323nam a22001457a 4500
003 - CONTROL NUMBER IDENTIFIER
control field SGT
020 ## - INTERNATIONAL STANDARD BOOK NUMBER
International Standard Book Number 9789380231150
082 ## - DEWEY DECIMAL CLASSIFICATION NUMBER
Classification number 349.095 4,DIW
100 ## - MAIN ENTRY--PERSONAL NAME
Personal name DIWAN,PARAS
245 ## - TITLE STATEMENT
Title MODERN HINDU LAW
260 ## - PUBLICATION, DISTRIBUTION, ETC. (IMPRINT)
Place of publication, distribution, etc FARIDABAD
Name of publisher, distributor, etc ALLAHABAD LAW AGENCY
Year of Publication 2016
300 ## - PAGE DESCRIPTION
No. of Pages 632
650 ## - SUBJECT ADDED ENTRY--TOPICAL TERM
Topical term or geographic name as entry element HINDU LAW
942 ## - ADDED ENTRY ELEMENTS (KOHA)
Source of classification or shelving scheme Dewey Decimal Classification
Koha item type Books
942 ## - ADDED ENTRY ELEMENTS (KOHA)
-- 18
Holdings
Withdrawn status Lost status Source of classification or shelving scheme Damaged status Not for loan Collection code Home library Current library Shelving location Date acquired Vendor Name Cost, normal purchase price SGTU Bill Number Total Checkouts Total Renewals Full call number Accession No. (Barcode) Date last seen Date last borrowed Bill Date Koha item type
    Dewey Decimal Classification     LAW SGT Science & Social Sciences Library SGT Science & Social Sciences Library Text Book 25/01/2017 COMMERICAL BOOK HOUSE 525.00 SGTU 830 21 5 349.095 4,DIW FL1373 04/01/2022 04/01/2022 15/07/2016 Books
    Dewey Decimal Classification   Not For Loan LAW SGT Science & Social Sciences Library SGT Science & Social Sciences Library Reference Book 25/01/2017 COMMERICAL BOOK HOUSE 525.00 SGTU 830     349.095 4,DIW FL1374 25/01/2017   15/07/2016 Books
    Dewey Decimal Classification     LAW SGT Science & Social Sciences Library SGT Science & Social Sciences Library Text Book 25/01/2017 COMMERICAL BOOK HOUSE 525.00 SGTU 830 13 1 349.095 4,DIW FL1375 23/10/2024 07/10/2024 15/07/2016 Books
    Dewey Decimal Classification     LAW SGT Science & Social Sciences Library SGT Science & Social Sciences Library Text Book 25/01/2017 COMMERICAL BOOK HOUSE 525.00 SGTU 830 15 4 349.095 4,DIW FL1376 16/03/2026 05/02/2026 15/07/2016 Books
    Dewey Decimal Classification     LAW SGT Science & Social Sciences Library SGT Science & Social Sciences Library Text Book 25/01/2017 COMMERICAL BOOK HOUSE 525.00 SGTU 830 26 5 349.095 4,DIW FL1377 09/02/2022 15/11/2021 15/07/2016 Books